000
00205 a2200097 4500
001
47565
100
_a
Woodward D
245
_a
The tirpitz
260
_a
London
_b
William kimber
_c
090
_c
30579
_d
30579
942
_a
NUST-CAE
_c
M
_c
22868
999
_c
282638
_d
282638